=LDR 00000nam 2200000 4500 =001 INLIS000000000025321 =005 20130612123836 =008 ***********************************ind** =035 ##$$0010-061300000025321 =041 ##$$a ind =082 ##$$a 372.2 =090 ##$$a 372.2, SUH =100 ##$$a Suharyono =245 ##$$a Lembar Kerja Berhitung B untuk Taman Kanak-kanak, Suharyono =260 ##$$a 1996 $b Jakarta =300 ##$$a 28 hlm., 30 cm =650 ##$$a Matematika =650 ##$$a Perhitungan sederhana =850 ##$$a NBPNMAT